000 00379 a2200157 4500
001 152555
040 _cEscola São Tomás de Aquino
100 _aROCHA, Ruth
240 1 0 _aO menino que quase virou cachorro
_lpor
245 1 0 _aO menino que quase virou cachorro
300 _a34
362 0 _a2015
440 1 _aMelhoramentos
697 _a*LITERATURA INFANTO
942 _cBK
999 _c152555
_d152555